000 01595nam a22003977a 4500
003 CHAP
005 20220329143435.0
008 090827s2009 mx r 00010 spa d
010 _a96640
011 _a97612
035 _a108282
040 _cCHAP
090 _aTesis
100 1 _aGarcía Bautista, Jorge Antonio.
_945761
245 1 0 _aEstudio de mercado del aguacate :
_banálisis multivariado de los gustos y preferencias de los consumidores de la cuidad de México
_c/por Jorge Antonio García Bautista
260 _aChapingo, Méx. :
_bEl autor,
_c2009
300 _aix, 95 h. :
_bcuadros, gráfs.
502 _aTesis (Ing. Agr. Esp. en Economía Agrícola) -- UACH. División de Ciencias Económico- Administrativas
530 _aTambién disponible en línea
590 _aALEPH
_b10
_c20130110
_lUCH01
_h1529
590 _aBATCH-UPD
_b10
_c20130110
_lUCH01
_h1335
590 _aBATCH-UPD
_b10
_c20130410
_lUCH01
_h0838
590 _aBATCH-UPD
_b10
_c20130913
_lUCH01
_h2307
590 _aBATCH-UPD
_b10
_c20140324
_lUCH01
_h1512
590 _aBATCH-UPD
_b10
_c20141002
_lUCH01
_h0840
590 _aCONVERSION
_b10
_c20130109
_lUCH01
_h1353
650 1 4 _aAguacate
_xConsumo.
_92501
650 1 4 _aAguacate
_xMercadeo.
_92534
650 1 4 _aAguacate
_xMéxico (D.F.)
_92537
650 1 4 _aAnálisis multivariado.
_95990
856 _3Finding aid
_uhttp://10.13.5.2/tesis/108282.pdf
_zTeclea aqui
901 _aBK
942 _cFOLL
949 _aTesis
_bBC
_cTES
_d33724002101298
_eTS1
_gDonaciØn
_h49462
_i108282
_sb
949 _aTesis
_bBC
_cTES
_d33724002101330
_eTS2
_fc.2
_gDonaciØn
_h49463
_i108282
_sb
999 _c96640
_d96640